| 000 | 01611nam a2200373 c 4500 | ||
|---|---|---|---|
| 003 | BLK | ||
| 005 | 20250118102655.0 | ||
| 008 | 180408b bul|||||r ||||||| ||bul|| | ||
| 010 | _aKNG00093096000 | ||
| 020 |
_a978-954-8186-45-2 _bиздат.: Санома Блясък България |
||
| 040 | _aBLK | ||
| 041 |
_aBUL _cBUL |
||
| 072 | 7 |
_2bullib _aН83 _xЧужда художествена литература Н |
|
| 080 |
_aАмериканска литература (на САЩ) _b821.111(73) _x-31 _z821.111(73)-31 |
||
| 100 | 1 |
_aГолдсмит, Оливия _eпърви автор _9247116 |
|
| 700 | 1 |
_aСпасова, Маргарита Емилова _9122607 |
|
| 139 |
_aГолдсмит, Оливия _bГ 63 |
||
| 245 | 1 | 0 |
_aПриятелство от пандиза _bРоман _cОливия Голдсмит; прев. Маргарита Спасова. |
| 250 | _a2. изд. | ||
| 257 | _aUSA | ||
| 260 |
_аСофия _bСанома Блясък България _c2011 _fСофия : Алианс принт |
||
| 300 |
_a304 с. _c20 см |
||
| 380 | _aX | ||
| 490 | 1 |
_aПоредица Световни бестселъри _v1 |
|
| 500 | _a1. изд. 2002 на изд. Весела Люцканова. - Ориг. загл. Pen Pals / Olivia Goldsmith. Прил. към сп. Журнал за жената. | ||
| 653 | _aромани | ||
| 659 | _aН | ||
| 852 | _aЦб 254679 | ||
| 856 | 4 |
_qpdf _u |
|
| 856 | 4 |
_qpdf _u |
|
| 942 |
_cKNG _n0 _010 |
||
| 944 |
_aCR _c26.03.2012 _lЦветомила Тодорова _k30576 |
||
| 944 |
_aED _c07.01.2014 _lф / _k |
||
| 999 |
_c88432 _d88432 |
||